00286nam a2200121Ia 4500008004100000100001800041245001300059250001200072260005000084300000800134942000700142999001500149190216s9999||||xx |||||||||||||| ||und|| aA.Assan Kutty 0aAuditing a1st Ed. bCalicut University Central Co-Operativec2000 a322 cBK c8281d8281